Представление документа в формате RUSMARC

ПолеНазваниеЗначение
  Тип записи a
  Библиографический уровень m
001 Контрольный номер RU\NLR\BIBL_A\016309634
005 Дата корректировки 20260630092034.7
010 Индекс ISBN __
a ISBN 978-5-227-10272-0
9 Тираж 1500 экз.
b Уточнения в пер.
100 Данные общей обработки __
a Данные общей обработки 20260526d2023 u y0rusy0189 ca
101 Язык документа 0_
a Язык текста rus
102 Страна публикации __
a Страна публикации RU
105 Кодированные данные (монография) __
a Кодированные данные (монография) y z 001zy
200 Заглавие и сведения об ответственности 1_
a Заглавие Деликатесы для диабетиков
e Сведения, относящиеся к заглавию неотложная кулинарная помощь
f Первые сведения об ответственности Татьяна Румянцева
203 Вид содержания и тип средства __
a Вид содержания Текст
b Характеристика содержания визуальный
c Тип средства непосредственный
205 Сведения об издании __
a Основные сведения об издании Перераб. изд.
210 Выходные данные 1_
a Место издания Москва
c Издательство Центрполиграф
d Дата издания 2023
215 Физическое описание __
a Объем 348, [1] с.
d Формат 21 см
320 Библиография __
a Библиография Библиогр.: с. 329-330
333 Примечание о целевом назначении __
a Примечание о целевом назначении 16+
606 Тематические рубрики 1_
a Основная рубрика Диетическая кулинария
x Основная подрубрика Рецепты
606 Тематические рубрики 1_
a Основная рубрика Сахарный диабет
x Основная подрубрика Лечебное питание
610 Ключевые слова 0_
a Ключевые слова диабетические блюда; диетическая кулинария; лечебное питание при сахарном диабете
686 Индексы других классификаций __
2 Код системы rubbk
a Классификационный индекс 36.996.5
686 Индексы других классификаций __
a Классификационный индекс 54.151.602.3-5
2 Код системы rubbk
700 Автор _1
a Фамилия Румянцева
b Имя (инициалы) Т.
g Полное личное имя Татьяна
801 Источник записи _0
a Страна RU
b Организация NLR
c Дата составления 20230314
g Правила каталогизации RCR
801 Источник записи _1
a Страна RU
b Организация NLR
c Дата составления 20230314
2 Код формата rusmarc
801 Источник записи _2
a Страна RU
b Организация Ульяновская ОНБ
c Дата составления 20260526
g Правила каталогизации RCR
900 Электронные ресурсы __
a Имя электронного ресурса цп20260163
900 Электронные ресурсы __
a Имя электронного ресурса цп20260164
901 Тип документа __
t Тип документа m
909 Создатель записи __
a Создатель записи Егорова Э. А.
b Дата создания записи 20260526
910 Корректоры записи __
a Корректор записи Пряхина
b Дата внесения изменения в запись 20260630